Southville International School and Colleges
Your cart is empty.
  • Cart
  • Lists
    Public lists Eva Luna New books Lux_list list_1
    Your lists Log in to create your own lists
  • Log in to your account
  • Your cookies
  • Search history
Southville International School and Colleges
  • Advanced search
  • Recent comments
  • Most popular
  • Libraries

Log in to your account

Log in with GOOGLE


If you do not have an external account, but do have a local account, you can still log in:

  1. Home
  2. MARC view: Chicken soup with rice /
Normal view MARC view ISBD view

Chicken soup with rice / (Record no. 111231)

[ view plain ]
MARC details
000 -LEADER
fixed length control field 00432nam a2200169 a 4500
001 - CONTROL NUMBER
control field 0273
005 - DATE AND TIME OF LATEST TRANSACTION
control field 20140414131911.0
008 - FIXED-LENGTH DATA ELEMENTS--GENERAL INFORMATION
fixed length control field 040902s19uu xx 00 eng d
020 ## - INTERNATIONAL STANDARD BOOK NUMBER
International Standard Book Number 0-590-45452-8
050 ## - LIBRARY OF CONGRESS CALL NUMBER
Classification number ER
Item number C43 1992
100 ## - MAIN ENTRY--PERSONAL NAME
Personal name Sendak, Maurice
245 ## - TITLE STATEMENT
Title Chicken soup with rice /
Statement of responsibility, etc Maurice Sendak.
260 ## - PUBLICATION, DISTRIBUTION, ETC. (IMPRINT)
Place of publication, distribution, etc New York :
Name of publisher, distributor, etc Scholastic,
Date of publication, distribution, etc 1992.
300 ## - PHYSICAL DESCRIPTION
Extent 30 p. : ill. : cm.
650 ## - SUBJECT ADDED ENTRY--TOPICAL TERM
Topical term or geographic name as entry element Title.
Holdings
Withdrawn status Lost status Damaged status Use restrictions Home library Current library Shelving location Date acquired Source of acquisition Total Checkouts Full call number Barcode Date last seen Price effective from Koha item type
        Munich Library Munich Library Easy Reading Section 09/02/2004     ER C43 1992 M1833 04/14/2014 04/14/2014 Books

Chicken soup with rice /

APA

Sendak M., . (1992). Chicken soup with rice. New York: Scholastic.

Chicago

Sendak Maurice, . 1992. Chicken soup with rice. New York: Scholastic.

Harvard

Sendak M., . (1992). Chicken soup with rice. New York: Scholastic.

MLA

Sendak Maurice, . Chicken soup with rice. New York: Scholastic. 1992.

  • Place hold
  • Print
  • Cite
  • Add to your cart (remove)
  • Save record
    BIBTEX Dublin Core MARCXML MARC (non-Unicode/MARC-8) MARC (Unicode/UTF-8) MARC (Unicode/UTF-8, Standard) MODS (XML) RIS
  • More searches
    Search for this title in:
    Other Libraries (WorldCat) Other Databases (Google Scholar) Online Stores (Bookfinder.com) Open Library (openlibrary.org)

Exporting to Dublin Core...

SOUTHVILLE LIBRARY

Southville International School and Colleges Library

1281 Tropical Ave. Cor. Luxembourg St., BF Homes International, Las Pinas City

Tel. No. 8256374 / 252358 Loc. 117/146

Powered by Koha